000 00548nam a2200205 i 4500
001 24209
003 ES-MaACL
005 20230906153016.0
007 t|
008 021216s1987 sp ||||1| spa d
020 _a84-7681-045-8
100 1 _aAndrés, Ramón.
_921585
245 1 0 _aImagen de mudanza /
_cRamón de Andrés.
260 _aPamplona :
_bPamiela,
_c[1987]
300 _a45 p. ;
_c19 cm.
490 1 _aLa sirena poesía
830 0 _aLa sirena poesía
_9192335
852 _aES-MaACL
_jL-12683
_bR.115370
999 _c24209
_d24209